000 00554nam a22002057a 4500
003 FEu
005 20140310182820.0
008 130304t xxu||||| |||| 00| 0 eng d
020 _a978-9-74982393-4
050 _aQP 34.5
_b.Sc288 2007
100 _aScanlon, Valerie C.
245 _aEssentials of anatomy and physiology /
_cValerie C. Scanlon, Tina Sanders
250 _a5th ed.
260 _aPhiladelphia :
_bF.A. Davis,
_c2007.
300 _a604 p. :
_bill. ;
_c25 cm.
521 _aNUR
562 _e1
942 _2lcc
_cBK
_kFOR
999 _c16374
_d16374